• 首页
  • 本馆介绍
  • 公告通知
  • 最新文献
  • 馆藏检索
  • 电子资源
  • 读者导购
  • 参考咨询
  • 我的图书馆
  • 登录
  • 详细信息显示
  • 放入我的书架
  • 预约/预借图书
  • 作者相关作品
  • 分类相关作品
  • 丛书相关作品
  • 出版社相关作品

书目信息

  • 表格格式
  • 工作单格式
  • 卡片格式
题名:
“互联网+”背景下河北省新型城镇化发展机制与路径研究
    
 
作者: 张春玲 著
分册:  
出版信息: 北京   中国国际广播出版社  2017
页数: 207页
开本: 24cm
丛书名:
单 册:
中图分类: F299.272.2
科图分类:
主题词: 城市化--研究--河北
电子资源:
ISBN: 978-7-5078-4166-4
000 01194nam0 2200241 450
001 012001000716
005 20140920091302.0
010    @a978-7-5078-4166-4@dCNY48.00
100    @a20180714d2017 em y0chiy50 ea
101 0  @achi
102    @aCN@b110000
105    @aak z 000yy
106    @ar
200 1  @a“互联网+”背景下河北省新型城镇化发展机制与路径研究@9“ Hu Lian Wang +” Bei Jing Xia He Bei Sheng Xin Xing Cheng Zhen Hua Fa Zhan Ji Zhi Yu Lu Jing Yan Jiu@f张春玲[等]著
210    @a北京@c中国国际广播出版社@d2017
215    @a207页@c图@d24cm
304    @a著者还有:吴红霞,赵爽,刘遵峰
330    @a本书在梳理了新型城镇化的基本理论和国内外新型城镇化发展实践的基础上,建立起“互联网+”背景下新型城镇化的科学研究框架体系,并以河北省为研究对象,全面分析了河北省新型城镇化发展的动力机制,提出了新型城镇化发展的路径。研究成果对于河北省城市发展方向的确定、城市功能的选择、城市空间组织的优化、区域战略政策的制定以及小康社会的实现等都具有重要的实践价值,为其他省市新型城镇化的发展提供较好的借鉴和参考。
606 0  @a城市化@x研究@y河北
690    @aF299.272.2@v5
701  0 @a张春玲@9Zhang Chun Ling@f(1975-)@4著
801  0 @aCN@b上海新华@c20180901
905    @b1155285-89@dF299.272.2@e1509@f5
    
    “互联网+”背景下河北省新型城镇化发展机制与路径研究/张春玲[等]著.-北京:中国国际广播出版社,2017
    207页:图;24cm
    
    
    ISBN 978-7-5078-4166-4:CNY48.00
    本书在梳理了新型城镇化的基本理论和国内外新型城镇化发展实践的基础上,建立起“互联网+”背景下新型城镇化的科学研究框架体系,并以河北省为研究对象,全面分析了河北省新型城镇化发展的动力机制,提出了新型城镇化发展的路径。研究成果对于河北省城市发展方向的确定、城市功能的选择、城市空间组织的优化、区域战略政策的制定以及小康社会的实现等都具有重要的实践价值,为其他省市新型城镇化的发展提供较好的借鉴和参考。
●
相关链接 在E读中查询图书 在五车中查询图书 在当当中查询图书 在豆瓣中查询图书


正题名:"互联网+"背景下河北省新型城镇化发展机制与路径研究     索取号:F299.272.2/1509         预约/预借

序号 登录号 条形码 馆藏地/架位号 状态 备注
1 1155285   211552853   第一样本阅览室/ [索取号:F299.272.2/1509] 在馆    
2 1155286   211552862   密集书库-海洋学院/ [索取号:F299.272.2/1509] 在馆    
3 1155287   211552871   第一借阅区/ [索取号:F299.272.2/1509] 在馆    
4 1155288   211552880   第一借阅区/ [索取号:F299.272.2/1509] 在馆    
5 1155289   211552899   第一借阅区/ [索取号:F299.272.2/1509] 在馆    
唐山师范学院图书馆 欢迎您!
大连网信软件有限公司© 版权所有